书目信息 |
| 题名: |
无线电
|
|
| 作者: | 普隆斯基 著 | |
| 分册: | ||
| 出版信息: | 北京 人民邮电出版社 1956 |
|
| 页数: | 56页 | |
| 开本: | 20cm | |
| 丛书名: | ||
| 单 册: | ||
| 中图分类: | TN-51 | |
| 科图分类: | ||
| 主题词: | 无线电电子学 , 通信技术 | |
| 电子资源: | ||
| ISBN: | ||
| 000 | 00555nam0 2200205 450 | |
| 001 | 0632807761 | |
| 005 | 20060529090852.20 | |
| 010 | @dCNY0.22 | |
| 100 | @a20060529d1956 km y0chiy0120 ea | |
| 101 | 0 | @achi |
| 102 | @aCN@b110000 | |
| 200 | 1 | @a无线电@Awu xian dian@f(苏)А·Ф·普隆斯基著@F(su)А·Ф·pu long si ji zhu |
| 210 | @a北京@c人民邮电出版社@d1956 | |
| 215 | 1 | @a56页@d20cm |
| 606 | 0 | @a无线电电子学 |
| 606 | 0 | @a通信技术 |
| 690 | @aTN-51@v4 | |
| 701 | 0 | @a普隆斯基@Apu long si ji@4著 |
| 801 | 0 | @aCN@bPFT@c20060529 |
| 905 | @a10447@dTN-51@e53 | |
| 无线电/(苏)А·Ф·普隆斯基著.-北京:人民邮电出版社,1956 |
| 56页;20cm |
| ISBN :CNY0.22 |
| ● |
| 相关链接 |
|
|
|
|
正题名:无线电
索取号:TN-51/53
 
预约/预借
| 序号 | 登录号 | 条形码 | 馆藏地/架位号 | 状态 | 备注 |
| 1 | 0018081 | 202388335 | 密集书库/ [索取号:TN-51/53] | 在馆 |